000 00502nam a2200193Ia 4500
003 OSt
005 20221116111322.0
008 210210b1998 xxu||||| |||| 00| 0 eng d
040 _c
082 _a657.046 RAMA
100 _aRAMAN (B S)
_917929
245 _aAdvanced accountancy Part 1 and part 2 For II B.Com
260 _aMangalore
_bUnited publishers
_c1998
300 _a2511
650 _aAdvanced Accountancy
_917930
690 _aAccountancy
_917931
906 _a054956
942 _2ddc
_cBK
999 _c102577
_d102577